The Lower Gila Region, Arizona. (Record no. 26284)
[ view plain ]
| 000 -LEADER | |
|---|---|
| fixed length control field | 01027cam a22002651 4500 |
| 001 - CONTROL NUMBER | |
| control field | gs 24000001 |
| 003 - CONTROL NUMBER IDENTIFIER | |
| control field | DLC |
| 005 - DATE AND TIME OF LATEST TRANSACTION | |
| control field | 20260227111328.0 |
| 008 - FIXED-LENGTH DATA ELEMENTS--GENERAL INFORMATION | |
| fixed length control field | 801210s1923 dcuab b f000 0 eng c |
| 010 ## - LIBRARY OF CONGRESS CONTROL NUMBER | |
| LC control number | gs 24000001 |
| 035 ## - SYSTEM CONTROL NUMBER | |
| System control number | (OCoLC)7021093 |
| 040 ## - CATALOGING SOURCE | |
| Original cataloging agency | U.S. Geol. survey |
| Transcribing agency | AzTeS |
| Modifying agency | InU |
| -- | DLC |
| 050 00 - LIBRARY OF CONGRESS CALL NUMBER | |
| Classification number | GB1025.A6 |
| Item number | R6 |
| 100 1# - MAIN ENTRY--PERSONAL NAME | |
| Personal name | Ross, Clyde P. |
| Fuller form of name | (Clyde Polhemus), |
| Dates associated with a name | 1891- |
| 245 14 - TITLE STATEMENT | |
| Title | The Lower Gila Region, Arizona. |
| Remainder of title | A geographic, geologic, and hydrologic reconnaissance with a guide to desert watering places, |
| Statement of responsibility, etc. | by Clyde P. Ross. |
| 260 ## - PUBLICATION, DISTRIBUTION, ETC. | |
| Place of publication, distribution, etc. | Washington, |
| Name of publisher, distributor, etc. | Govt. print. off., |
| Date of publication, distribution, etc. | 1923. |
| 300 ## - PHYSICAL DESCRIPTION | |
| Extent | xiv, 237 p. |
| Other physical details | illus., pl. (part fold., incl. maps, diagrs.) tables. |
| Dimensions | 23 cm. |
| 490 0# - SERIES STATEMENT | |
| Series statement | United States Geological survey. Water-supply paper, |
| Volume/sequential designation | 498 |
| 500 ## - GENERAL NOTE | |
| General note | At head of title: Department of the interior. |
| 500 ## - GENERAL NOTE | |
| General note | Three maps folded in pocket. |
| 504 ## - BIBLIOGRAPHY, ETC. NOTE | |
| Bibliography, etc. note | Bibliographical references. |
| 650 #0 - SUBJECT ADDED ENTRY--TOPICAL TERM | |
| Topical term or geographic name entry element | Geology |
| Geographic subdivision | Arizona. |
| 650 #0 - SUBJECT ADDED ENTRY--TOPICAL TERM | |
| Topical term or geographic name entry element | Physical geography |
| Geographic subdivision | Arizona. |
| 650 #0 - SUBJECT ADDED ENTRY--TOPICAL TERM | |
| Topical term or geographic name entry element | Water-supply |
| Geographic subdivision | Arizona. |
No items available.